Health and beauty. An explanation of the laws of growth and exercise; through which a pleasing contour, symmetry of form, and graceful carriage of the body are acquired ...

Saved in:
书目详细资料
主要作者: Bell, John, 1796-1872.
格式: 图书
语言:English
出版: Philadelphia, E.L. Carey & A. Hart, 1838.
主题:
标签: 添加标签
没有标签, 成为第一个标记此记录!
LEADER 01004nam a22002771 4500
001 004013476-8
005 20160409094626.0
008 860815s1838 pau 000 0 eng c
010 |a  08005067 //r86 
035 0 |a ocm14165918 
040 |a DLC/ICU  |c CGU  |d m.c.  |d HLS 
050 0 |a RA778  |b .B44 
060 0 0 |a QTA  |b B433h 1838 
100 1 |a Bell, John,  |d 1796-1872. 
245 1 0 |a Health and beauty.  |b An explanation of the laws of growth and exercise; through which a pleasing contour, symmetry of form, and graceful carriage of the body are acquired ...  |c By John Bell ... 
260 |a Philadelphia,  |b E.L. Carey & A. Hart,  |c 1838. 
300 |a vi, [13]-253 p.  |c 16 cm. 
504 |a Includes bibliographical references. 
650 2 2 |a Beauty. 
650 2 2 |a Exercise. 
650 1 2 |a Hygiene. 
650 0 |a Hygiene. 
650 0 |a Beauty, Personal. 
776 0 8 |i Online version:  |a Bell, John, 1796-1872.  |t Health and beauty.  |d Philadelphia : Carey & Hart, 1838  |w (OCoLC)794349778 
988 |a 20020608 
906 |0 OCLC